000
00262nam a2200109 a 4500
005
20140414132056.0
008
100520s19uu xx 00 eng d
050
_a
REF 621.8
_b
D53 1995
245
_a
Dictionary of machines.
650
_a
Machines
999
_c
114323
_d
114323